Биология: учебное пособие

Podrobná bibliografie
Hlavní autor: Викторова Т. В. Татьяна Викторовна
Další autoři: Асанов А. Ю. Алий Юрьевич
Shrnutí:В учебном пособии рассмотрены закономерности структурно-функциональной организации биологических систем на молекулярном, клеточном, организменном и биосферном уровнях. При подготовке пособия использована информация о современных достижениях в различных областях биологических наук. Для студентов медицинских вузов.
Jazyk:ruština
Vydáno: Москва, Академия, 2011
Edice:Высшее профессиональное образование. Медицина
Témata:
Médium: MixedMaterials Kniha
KOHA link:https://koha.lib.tpu.ru/cgi-bin/koha/opac-detail.pl?biblionumber=193866

MARC

LEADER 00000nam0a2200000 4500
001 193866
005 20231101224524.0
010 |a 9785769565373 
035 |a (RuTPU)RU\TPU\book\211415 
090 |a 193866 
100 |a 20110330d2011 m y0rusy50 ca 
101 0 |a rus 
102 |a RU 
105 |a a j 001zy 
200 1 |a Биология  |e учебное пособие  |f Т. В. Викторова, А. Ю. Асанов 
210 |a Москва  |c Академия  |d 2011 
215 |a 320 с.  |c ил. 
225 1 |a Высшее профессиональное образование. Медицина 
320 |a Библиогр.: с. 317. 
330 |a В учебном пособии рассмотрены закономерности структурно-функциональной организации биологических систем на молекулярном, клеточном, организменном и биосферном уровнях. При подготовке пособия использована информация о современных достижениях в различных областях биологических наук. Для студентов медицинских вузов. 
606 1 |a Биология  |2 stltpush  |3 (RuTPU)RU\TPU\subj\68258  |9 83692 
610 1 |a биологические системы 
610 1 |a живые системы 
610 1 |a клетки 
610 1 |a эукариотические клетки 
610 1 |a митоз 
610 1 |a мейоз 
610 1 |a нуклеиновые кислоты 
610 1 |a гены 
610 1 |a медицинская генетика 
610 1 |a наследственность 
610 1 |a изменчивость 
610 1 |a размножение 
610 1 |a онтогенез 
610 1 |a филогенез 
610 1 |a эволюционное учение 
610 1 |a антропогенез 
610 1 |a гомеостаз 
610 1 |a регенерация 
610 1 |a биосфера 
610 1 |a биогеоценоз 
610 1 |a экологический кризис 
610 1 |a экология человека 
610 1 |a медицинская паразитология 
610 1 |a паразитизм 
610 1 |a медицинская гельминтология 
610 1 |a медицинская протозоология 
610 1 |a медицинская арахноэнтомология 
610 1 |a учебные пособия 
675 |a 57(075.8)  |v 3 
700 1 |a Викторова  |b Т. В.  |g Татьяна Викторовна 
701 1 |a Асанов  |b А. Ю.  |g Алий Юрьевич 
801 1 |a RU  |b 63413507  |c 20110330 
801 2 |a RU  |b 63413507  |c 20150703  |g RCR 
900 |a Биология 
942 |c BK 
951 |b 060000 
959 |a 34/20110330  |d 10  |e 479,60  |f ЧЗТЛ:1  |f АНЛ:1  |f УФ:8